000 00906nam a2200193 i 4500
001 184328
003 ES-MaACL
005 20230906222150.0
008 150623s1877 sp |||| | spa d
080 _a61
245 0 3 _aLa vacunación animal en España
_b: colección de las Reales Órdenes y superiores disposiciones relativas a este servicio público y de las memorias elevadas al Gobierno desde su instalación.
260 _aMadrid :
_b[s.n.],
_c1877 (
_fEstab. tip. de M. M. de los Ríos)
300 _a1 v. (pag. var.) ;
_c22 cm.
530 _aDisponible en formato digital.
610 2 4 _aCentro general de Vacunacion (Madrid)
_9157106
610 2 4 _aInstituto de Vacunación del Estado (Madrid)
_9157107
852 _aES-MaACL
_jT-858-F-5
_z.- Enc. en un vol. facticio conservando la enc. original
856 _uhttp://bdh-rd.bne.es/viewer.vm?id=0000047538&page=1
_zBiblioteca Digital Hispánica
999 _c184328
_d184328